As maiores cidades do mundo sem a letra A - Statistics

Estatísticas Gerais
  • Esse quiz foi jogado 29 vezes
  • A pontuação média é 8 de 15
Estatísticas das Respostas
País População Cidade % Correto
Coreia do Sul 9M Seul
100%
Japão 37M Tóquio
100%
Reino Unido 9M Londres
96%
Rússia 12M Moscou
96%
China 19M Pequim
96%
Canadá 6M Toronto
77%
Brasil 5M Belo Horizonte
69%
Índia 28M Deli
42%
Estados Unidos 6M Houston
42%
China 11M Shenzhen
15%
China 8M Chengdu
12%
India 6M Pune
8%
China 14M Xunquim
4%
China 7M Honguecongue
0%
China 6M Sucheu
0%
Nenhum quiz correspondente encontrado
Distribuição das Pontuações
Porcentagem de Pessoas com Cada Pontuação
Percentil de Números Respondidos
Sua Pontuação Histórica
Você não jogou esse quiz